| 000 | 00528ntaaa2200205 4500 | ||
|---|---|---|---|
| 003 | 01 | ||
| 005 | 20251027202546.0 | ||
| 008 | 0714s1973 ag 01 | ||
| 040 |
_aAR-BaBN _bspa _cAR-BaBN _eaacr _dRIC |
||
| 082 | _a301.4240 B46 | ||
| 100 |
_aBertocci, Peter A _924654 |
||
| 245 | _aThe human venture in sex, love and marriage | ||
| 250 | _a1 ed. | ||
| 260 |
_aNew York : _bAssociation Press, _cc1949, 1965 |
||
| 300 | _a143 p | ||
| 500 | _aEl sexo, amor y matrimonio | ||
| 650 | _asexo | ||
| 650 | _amatrimonio | ||
| 942 | _cBK | ||
| 999 |
_c20639 _d20639 |
||